[Event "Madrid-ch 2017-2018 - Previa A"]
[Site "Madrid ESP"]
[Date "2018.02.06"]
[Round "2.14"]
[White "Martinez Aragon, Aitor"]
[Black "Marivela Santos, Juan Carlos"]
[Result "1/2-1/2"]
[WhiteElo "1786"]
[BlackElo "1686"]
[PlyCount "146"]
[EventDate "2018.02.05"]
[EventType "swiss"]
[EventRounds "9"]
[EventCountry "ESP"]
[SourceTitle "Ajedrez en Madrid"]
[Source "lmi"]
[SourceDate "2018.02.05"]

1. e4 c6 2. d4 d5 3. Nc3 dxe4 4. Nxe4 Nd7 5. Nf3 Ngf6 6. Ng3 e6 7. Bd3 Be7 8.
O-O Nb6 9. c3 c5 10. Bg5 cxd4 11. Nxd4 a6 12. Qc2 h6 13. Bd2 O-O 14. Kh1 Nbd5
15. Rae1 Qc7 16. Ne4 Ng4 17. f4 b5 18. h3 Ngf6 19. f5 e5 20. Nxf6+ Nxf6 21. Ne2
Bb7 22. Ng3 Bd6 23. Ne4 Nxe4 24. Bxe4 f6 25. Bxb7 Qxb7 26. Qd3 Rad8 27. Qg3 Kh8
28. Re2 Bb8 29. Bc1 Qf7 30. b3 Rd7 31. Re4 Rfd8 32. Rh4 Rd3 33. Qg4 Kh7 34. c4
R8d4 35. Qe2 bxc4 36. Rxd4 Rxd4 37. Bb2 Rh4 38. g3 Rxh3+ 39. Kg2 Qh5 40. Qxh5
Rxh5 41. bxc4 g6 42. fxg6+ Kxg6 43. Rf3 Bc7 44. c5 Rf5 45. Ra3 a5 46. Bc3 e4
47. Bxa5 Rxc5 48. Bxc7 Rxc7 49. Kf2 Re7 50. Ke3 Kg5 51. Ra5+ f5 52. a4 Rd7 53.
Ra8 Rd3+ 54. Kf2 Rf3+ 55. Kg2 Ra3 56. a5 Ra2+ 57. Kh3 Kh5 58. a6 e3 59. a7 e2
60. Re8 Rxa7 61. Rxe2 Ra5 62. Rf2 Kg5 63. Rf4 Re5 64. Rh4 Re3 65. Rb4 Re4 66.
Rb5 h5 67. Rb8 Re6 68. Rb4 Re4 69. Rb8 Re6 70. Rb4 Rf6 71. Rf4 Re6 72. Rb4 Re3
73. Ra4 Re4 1/2-1/2

[Event "Madrid-ch 2017-2018 - Previa A"]
[Site "Madrid ESP"]
[Date "2018.02.06"]
[Round "2.15"]
[White "Andalon Gomez, Carlos Jesus"]
[Black "Alises Fontecha, Juan"]
[Result "1-0"]
[WhiteElo "1935"]
[BlackElo "1515"]
[PlyCount "105"]
[EventDate "2018.02.05"]
[EventType "swiss"]
[EventRounds "9"]
[EventCountry "ESP"]
[SourceTitle "Ajedrez en Madrid"]
[Source "lmi"]
[SourceDate "2018.02.05"]

1. d4 d5 2. c4 c6 3. Nc3 Nf6 4. Nf3 dxc4 5. a4 Bf5 6. e3 e6 7. Bxc4 Bb4 8. O-O
Nbd7 9. Qe2 O-O 10. e4 Bg4 11. Rd1 Rc8 12. Bg5 Qc7 13. Bh4 Rfe8 14. Qe3 c5 15.
Nb5 Qa5 16. e5 Nd5 17. Qe4 Bxf3 18. gxf3 cxd4 19. Bd3 f5 20. exf6 N7xf6 21. Qe5
Rcd8 22. Nxd4 Bd6 23. Qe1 Qxe1+ 24. Rxe1 Nf4 25. Bb5 Re7 26. Bc4 Bb4 27. Nxe6
Nxe6 28. Rxe6 Kf8 29. Bxf6 gxf6 30. Rxf6+ Kg7 31. Rf4 Rd6 32. Kg2 Rg6+ 33. Rg4
Re1 34. Rxe1 Bxe1 35. Bd3 Rxg4+ 36. fxg4 a5 37. f4 Bh4 38. Kf3 h6 39. Ke4 Kf6
40. Kd5 Bf2 41. h3 Bg3 42. Ke4 Bf2 43. Bc4 b6 44. Kd5 Be3 45. Ke4 Bf2 46. Kf3
Bd4 47. b3 Bc3 48. h4 Be1 49. g5+ Kg6 50. Bd3+ Kh5 51. g6 Bc3 52. Kg3 Bf6 53.
Kh3 1-0

[Event "Madrid-ch 2017-2018 - Previa A"]
[Site "Madrid ESP"]
[Date "2018.02.06"]
[Round "2.16"]
[White "Martinez Martinez, Javier II"]
[Black "Lopez Heras, Arturo"]
[Result "0-1"]
[WhiteElo "1601"]
[BlackElo "1849"]
[PlyCount "74"]
[EventDate "2018.02.05"]
[EventType "swiss"]
[EventRounds "9"]
[EventCountry "ESP"]
[SourceTitle "Ajedrez en Madrid"]
[Source "lmi"]
[SourceDate "2018.02.05"]

1. e4 e5 2. Nf3 Nc6 3. Bb5 f5 4. d3 fxe4 5. dxe4 Nf6 6. Bg5 Bc5 7. O-O d6 8.
Nbd2 O-O 9. h3 Be6 10. c3 Qe8 11. Bc4 Kh8 12. Bxe6 Qxe6 13. Nh4 Ne7 14. b4 Bb6
15. a4 a5 16. b5 Qf7 17. Be3 Nd7 18. c4 Nc5 19. Qe2 Ng6 20. Nxg6+ Qxg6 21. Bxc5
Bxc5 22. Nb3 Bb6 23. Kh2 Rf4 24. f3 Raf8 25. c5 dxc5 26. Qc4 h5 27. Rad1 h4 28.
Nd2 Qg3+ 29. Kh1 R4f6 30. Rg1 Qf4 31. Rgf1 Rg6 32. Rg1 Rd8 33. Nb3 Rf8 34. Nd2
Rg3 35. Nf1 Rxh3+ 36. gxh3 Qxf3+ 37. Kh2 Qxd1 0-1

[Event "Madrid-ch 2017-2018 - Previa A"]
[Site "Madrid ESP"]
[Date "2018.02.06"]
[Round "2.18"]
[White "Perez Cameselle, Francisco Jose"]
[Black "Ballesteros Cudero, Juan Carlos"]
[Result "1-0"]
[WhiteElo "1773"]
[BlackElo "1660"]
[PlyCount "85"]
[EventDate "2018.02.05"]
[EventType "swiss"]
[EventRounds "9"]
[EventCountry "ESP"]
[SourceTitle "Ajedrez en Madrid"]
[Source "lmi"]
[SourceDate "2018.02.05"]

1. e4 e6 2. d3 d5 3. Nd2 c5 4. Ngf3 Nc6 5. g3 Bd6 6. Bg2 Nge7 7. O-O O-O 8. Qe2
f6 9. exd5 Nxd5 10. Ne4 Be7 11. c4 Nc7 12. Be3 Nd4 13. Nxd4 cxd4 14. Bd2 f5 15.
f4 fxe4 16. Bxe4 Ne8 17. g4 Nf6 18. Bg2 h6 19. g5 Nh7 20. gxh6 g6 21. Be4 Rf6
22. Kh1 Qf8 23. Rg1 Qe8 24. Bxg6 Rxg6 25. Rxg6+ Qxg6 26. Rg1 Bg5 27. fxg5 Bd7
28. h4 Bc6+ 29. Kh2 Rf8 30. h5 Qf5 31. Be1 Qf4+ 32. Bg3 Qe3 33. Qxe3 dxe3 34.
Re1 Rf3 35. g6 Ng5 36. h7+ Nxh7 37. gxh7+ Kxh7 38. Kh3 Kh6 39. Kg4 a6 40. Bf4+
Kg7 41. Bxe3 Kf6 42. d4 b5 43. d5 1-0

[Event "Madrid-ch 2017-2018 - Previa A"]
[Site "Madrid ESP"]
[Date "2018.02.06"]
[Round "2.19"]
[White "De La Fuente Ebro, Miguel Angel"]
[Black "Mora Agudo, Jose"]
[Result "1-0"]
[WhiteElo "1712"]
[BlackElo "1480"]
[PlyCount "59"]
[EventDate "2018.02.05"]
[EventType "swiss"]
[EventRounds "9"]
[EventCountry "ESP"]
[SourceTitle "Ajedrez en Madrid"]
[Source "lmi"]
[SourceDate "2018.02.05"]

1. d4 Nf6 2. c4 g6 3. Nc3 Bg7 4. e4 d6 5. Nf3 O-O 6. h3 c5 7. d5 Qb6 8. Bd3 e6
9. O-O Re8 10. Re1 a6 11. a4 Nbd7 12. a5 Qc7 13. Be3 exd5 14. exd5 b6 15. axb6
Nxb6 16. Bf4 Bb7 17. Qd2 Nfd7 18. Bh6 Ne5 19. Nxe5 Bxe5 20. Bf4 Nd7 21. Ne4 Re7
22. Bxe5 Nxe5 23. f4 Nxd3 24. Qxd3 Bc8 25. Qc3 f5 26. Nf6+ Kf8 27. Rxe7 Qxe7
28. Re1 Qf7 29. Re8+ Kg7 30. Ng4+ 1-0

[Event "Madrid-ch 2017-2018 - Previa A"]
[Site "Madrid ESP"]
[Date "2018.02.06"]
[Round "2.20"]
[White "Marcelo de la Mata, Daniel"]
[Black "De Dompablo Fantova, Juan"]
[Result "1-0"]
[WhiteElo "1609"]
[BlackElo "1688"]
[PlyCount "110"]
[EventDate "2018.02.05"]
[EventType "swiss"]
[EventRounds "9"]
[EventCountry "ESP"]
[SourceTitle "Ajedrez en Madrid"]
[Source "lmi"]
[SourceDate "2018.02.05"]

1. e4 g6 2. Nf3 d6 3. d4 Bg7 4. Bc4 Nf6 5. Nc3 O-O 6. h3 c6 7. a3 d5 8. exd5
cxd5 9. Bb3 Nc6 10. O-O a6 11. Ne2 b5 12. c3 Na5 13. Ne5 Bb7 14. Nf4 e6 15.
Nfd3 Nd7 16. Nxd7 Qxd7 17. Bf4 Rfe8 18. Nc5 Qc6 19. a4 Nc4 20. axb5 axb5 21.
Bxc4 dxc4 22. f3 Rxa1 23. Qxa1 Ra8 24. Qe1 Qd5 25. Nxb7 Qxb7 26. Qe4 Qxe4 27.
fxe4 Ra2 28. Rb1 h5 29. Kf2 b4 30. Bd2 b3 31. Bf4 Kf8 32. Bd6+ Ke8 33. Ba3 Bf8
34. Bxf8 Kxf8 35. Ke3 Ke7 36. Kf4 Kd6 37. Kg5 Ke7 38. g4 Ra5+ 39. Kf4 g5+ 40.
Kf3 h4 41. Rd1 Ra2 42. Rd2 Ra1 43. d5 Rh1 44. Kg2 Rc1 45. d6+ Kd7 46. e5 Rc2
47. Rf2 Rxf2+ 48. Kxf2 f6 49. exf6 Kxd6 50. Ke3 Kd7 51. Ke4 Ke8 52. Kd4 Kf7 53.
Ke5 Kf8 54. Kxe6 Ke8 55. Kf5 Kf7 1-0

[Event "Madrid-ch 2017-2018 - Previa A"]
[Site "Madrid ESP"]
[Date "2018.02.06"]
[Round "2.21"]
[White "Vazquez Gonzalez, Jesus"]
[Black "Diaz del Prado, Carlos"]
[Result "1-0"]
[WhiteElo "1985"]
[BlackElo "1302"]
[PlyCount "47"]
[EventDate "2018.02.05"]
[EventType "swiss"]
[EventRounds "9"]
[EventCountry "ESP"]
[SourceTitle "Ajedrez en Madrid"]
[Source "lmi"]
[SourceDate "2018.02.05"]

1. c4 Nf6 2. g3 g6 3. Bg2 Bg7 4. Nc3 d6 5. e4 O-O 6. Nge2 e5 7. d3 Nbd7 8. O-O
a5 9. h3 Nc5 10. Be3 Ne6 11. f4 exf4 12. gxf4 Nh5 13. f5 Nc5 14. d4 Na6 15. Qd2
c6 16. Bg5 Qd7 17. Bf3 Nf6 18. Ng3 b5 19. cxb5 Nb8 20. Rad1 Bb7 21. e5 Ne8 22.
f6 Bh8 23. Bg4 Qc7 24. e6 1-0

[Event "Madrid-ch 2017-2018 - Previa A"]
[Site "Madrid ESP"]
[Date "2018.02.06"]
[Round "2.23"]
[White "Salgado Duarte, Pablo"]
[Black "Fernandez Aransay, Fernando"]
[Result "0-1"]
[WhiteElo "1530"]
[BlackElo "1811"]
[PlyCount "76"]
[EventDate "2018.02.05"]
[EventType "swiss"]
[EventRounds "9"]
[EventCountry "ESP"]
[SourceTitle "Ajedrez en Madrid"]
[Source "lmi"]
[SourceDate "2018.02.05"]

1. d4 d5 2. c4 e6 3. Nc3 Nf6 4. Nf3 Be7 5. Bf4 O-O 6. e3 b6 7. Be2 Bb7 8. h3
Nbd7 9. O-O c5 10. cxd5 exd5 11. b3 a6 12. Rc1 Rc8 13. Bd3 h6 14. Qe2 b5 15. a4
c4 16. Bc2 b4 17. Na2 a5 18. Ne5 Ba6 19. bxc4 Nxe5 20. Bxe5 Bxc4 21. Bd3 Bxd3
22. Qxd3 Qd7 23. Qb3 Ne4 24. Rfd1 Rc4 25. Rxc4 dxc4 26. Qxc4 Qxa4 27. Rc1 Nd2
28. Nc3 Qa3 29. Nb1 Nxc4 30. Nxa3 Nxa3 31. d5 Rd8 32. e4 Bd6 33. Bb2 f6 34. Bd4
Rb8 35. Rc6 Nb5 36. Bb2 a4 37. Ra6 a3 38. Bc1 b3 0-1

[Event "Madrid-ch 2017-2018 - Previa A"]
[Site "Madrid ESP"]
[Date "2018.02.06"]
[Round "2.24"]
[White "Beekhof Harmsen, Willen"]
[Black "Narvaez Parra, Vicente"]
[Result "0-1"]
[WhiteElo "1514"]
[BlackElo "1809"]
[PlyCount "94"]
[EventDate "2018.02.05"]
[EventType "swiss"]
[EventRounds "9"]
[EventCountry "ESP"]
[SourceTitle "Ajedrez en Madrid"]
[Source "lmi"]
[SourceDate "2018.02.05"]

1. d4 Nf6 2. Nf3 g6 3. Nc3 d5 4. Bf4 Bg7 5. e3 c5 6. Be2 Nc6 7. h4 cxd4 8. Nxd4
Bd7 9. g4 Qa5 10. Nb3 Qb4 11. a3 Qb6 12. Na4 Qd8 13. Nac5 e5 14. Bg3 b6 15. g5
Ng8 16. Nxd7 Qxd7 17. Qd2 Nge7 18. O-O-O h5 19. gxh6 Rxh6 20. e4 d4 21. c3 Qe6
22. Kc2 dxc3 23. Qxc3 Rc8 24. Bc4 Nb4+ 25. Kb1 Rxc4 26. Qd2 Nbc6 27. f4 Rh5 28.
Qe2 Nd4 29. Nxd4 Rxd4 30. Rxd4 exd4 31. e5 Nf5 32. Qb5+ Qd7 33. Qxd7+ Kxd7 34.
Bf2 Bf8 35. Rd1 Be7 36. Bxd4 Nxd4 37. Rxd4+ Ke6 38. Ra4 a5 39. b4 axb4 40. axb4
Rxh4 41. b5 g5 42. Ra6 Bc5 43. Ra8 Rxf4 44. Re8+ Kd5 45. Kc2 Kc4 46. e6 fxe6
47. Rxe6 Kxb5 0-1

[Event "Madrid-ch 2017-2018 - Previa A"]
[Site "Madrid ESP"]
[Date "2018.02.06"]
[Round "2.25"]
[White "Carrasco Coquillat, Alvaro"]
[Black "Dominguez Afonso, Ayraldo"]
[Result "1-0"]
[WhiteElo "1801"]
[BlackElo "1561"]
[PlyCount "105"]
[EventDate "2018.02.05"]
[EventType "swiss"]
[EventRounds "9"]
[EventCountry "ESP"]
[SourceTitle "Ajedrez en Madrid"]
[Source "lmi"]
[SourceDate "2018.02.05"]

1. d4 Nf6 2. Nf3 g6 3. c4 Bg7 4. Nc3 O-O 5. e4 d6 6. Be2 e5 7. O-O Nbd7 8. Be3
c6 9. d5 c5 10. Nd2 Ne8 11. a3 a5 12. Rb1 Rb8 13. b4 axb4 14. axb4 f5 15. f3 f4
16. Bf2 b6 17. Rb3 Nef6 18. Nb5 Qe7 19. Nb1 Rf7 20. N1c3 Nf8 21. Na3 Ra8 22.
bxc5 bxc5 23. Nab5 g5 24. Rb2 Ng6 25. h3 Bf8 26. Na4 h5 27. Nb6 Rb8 28. Nxc8
Rxc8 29. Ra2 g4 30. fxg4 hxg4 31. Bxg4 Rb8 32. Be6 Kh8 33. Bxf7 Qxf7 34. Qf3
Qh7 35. Ra7 Qh6 36. Rfa1 Nh4 37. Bxh4 Qxh4 38. Ra8 Rxa8 39. Rxa8 Kg7 40. Ra7+
Kg6 41. Ra1 Kf7 42. Rf1 Ke7 43. Nc3 Bh6 44. Qf2 Qg5 45. Ra1 Qg6 46. Ra7+ Kf8
47. Qf3 Bg5 48. Ra6 Ke7 49. Nb5 Nxe4 50. Qg4 Kf7 51. Ra7+ Kf8 52. h4 Ng3 53.
Qc8+ 1-0

[Event "Madrid-ch 2017-2018 - Previa A"]
[Site "Madrid ESP"]
[Date "2018.02.06"]
[Round "2.26"]
[White "Martinez Pintor, Juan"]
[Black "Navas Marin, Felix"]
[Result "0-1"]
[WhiteElo "1670"]
[BlackElo "1504"]
[PlyCount "70"]
[EventDate "2018.02.05"]
[EventType "swiss"]
[EventRounds "9"]
[EventCountry "ESP"]
[SourceTitle "Ajedrez en Madrid"]
[Source "lmi"]
[SourceDate "2018.02.05"]

1. d4 Nf6 2. Bf4 e6 3. e3 Be7 4. Be2 O-O 5. h3 c5 6. c3 d5 7. Nd2 c4 8. Ngf3
Nc6 9. O-O b5 10. a4 b4 11. cxb4 Nxb4 12. Ne5 Bd6 13. Bf3 Ba6 14. Re1 Bxe5 15.
dxe5 Nd7 16. Be2 Nc5 17. Rf1 Nbd3 18. b4 cxb3 19. Nxb3 Nxf4 20. Bxa6 Nxh3+ 21.
gxh3 Nxa6 22. Qg4 Rb8 23. Nd4 Qc7 24. Nxe6 fxe6 25. Qxe6+ Rf7 26. Qxa6 Qxe5 27.
Qd3 Rf3 28. Rad1 Qg5+ 29. Kh2 Rd8 30. Qd4 Qf5 31. Qh4 Rd6 32. e4 Qe5+ 33. Kg2
Rf4 34. Qg3 Rg6 35. Rxd5 Qxe4+ 0-1

[Event "Madrid-ch 2017-2018 - Previa A"]
[Site "Madrid ESP"]
[Date "2018.02.06"]
[Round "2.27"]
[White "Ojosnegros Martin, Angel"]
[Black "Benito Ruiz de Villa, Rafael"]
[Result "0-1"]
[WhiteElo "1490"]
[BlackElo "1659"]
[PlyCount "82"]
[EventDate "2018.02.05"]
[EventType "swiss"]
[EventRounds "9"]
[EventCountry "ESP"]
[SourceTitle "Ajedrez en Madrid"]
[Source "lmi"]
[SourceDate "2018.02.05"]

1. e4 e6 2. Nf3 d5 3. exd5 exd5 4. d4 Bd6 5. Bd3 Nc6 6. O-O Nge7 7. c4 dxc4 8.
Bxc4 O-O 9. Nc3 Bg4 10. Be2 Nf5 11. Be3 Bxf3 12. Bxf3 Nfxd4 13. Bxd4 Qh4 14. h3
Qxd4 15. Qb3 Qf4 16. g3 Qxf3 17. Rad1 Bc5 18. Nd5 Qxb3 19. axb3 Rad8 20. Nxc7
Rxd1 21. Rxd1 Rd8 22. Rc1 Bb6 23. Nb5 g6 24. Rc2 Nd4 25. Nxd4 Rxd4 26. Kf1 Rb4
27. Rc3 Bd4 28. Rd3 Bxb2 29. Ke2 Kg7 30. f3 Rd4 31. Re3 b5 32. Ke1 a5 33. Ke2
a4 34. bxa4 bxa4 35. Re7 a3 36. Ra7 h5 37. h4 Rd7 38. Ra5 Kh6 39. Ra6 Rd6 40.
Ra5 f6 41. f4 Rc6 0-1

[Event "Madrid-ch 2017-2018 - Previa A"]
[Site "Madrid ESP"]
[Date "2018.02.06"]
[Round "2.28"]
[White "Gonzalez Recas, Fernando"]
[Black "Gonzalez Pinar, Adrian"]
[Result "0-1"]
[WhiteElo "1643"]
[BlackElo "1487"]
[PlyCount "154"]
[EventDate "2018.02.05"]
[EventType "swiss"]
[EventRounds "9"]
[EventCountry "ESP"]
[SourceTitle "Ajedrez en Madrid"]
[Source "lmi"]
[SourceDate "2018.02.05"]

1. e4 e6 2. d4 d5 3. e5 c5 4. c3 Qb6 5. Nf3 Nc6 6. a3 c4 7. g3 Na5 8. Nbd2 Bd7
9. Bh3 O-O-O 10. O-O f5 11. Ng5 Be8 12. f4 h6 13. Ngf3 Be7 14. Kh1 g5 15. Ne1
g4 16. Bg2 h5 17. h4 gxh3 18. Bxh3 Nh6 19. Nef3 Ng4 20. Qe1 Bf7 21. Nh4 Rdg8
22. Ndf3 Nb3 23. Rb1 Qd8 24. Rg1 Kb8 25. Bf1 Qb6 26. Kg2 Rh7 27. Kh3 Nxc1 28.
Rxc1 Qxb2 29. Rg2 Qxa3 30. Ra1 Qb3 31. Qc1 Qb6 32. Rb2 Qc6 33. Rab1 b6 34. Rb5
Rhg7 35. Qe1 Be8 36. R5b2 Qc7 37. Ra1 Qd8 38. Rba2 Bxh4 39. gxh4 Bb5 40. Ng5
Qc8 41. Bg2 a6 42. Bf3 Rf8 43. Qb1 Rb7 44. Qb4 Re8 45. Qd6+ Qc7 46. Qb4 Qe7 47.
Qb2 Kc7 48. Kg3 Ra8 49. Bd1 Rba7 50. Qxb5 axb5 51. Rxa7+ Rxa7 52. Rxa7+ Kd8 53.
Rxe7 Kxe7 54. Nh7 Kf7 55. Ng5+ Ke7 56. Nf3 Ne3 57. Be2 Nc2 58. Nd2 b4 59. Nb1
Na3 60. cxb4 Nxb1 61. Kf3 Na3 62. Ke3 Nc2+ 63. Kd2 Nxd4 64. Bxh5 Nb3+ 65. Kc3
b5 66. Bd1 d4+ 67. Kb2 Nd2 68. Kc2 Ne4 69. Bf3 d3+ 70. Kc1 c3 71. h5 Kf7 72.
Bd1 Kg7 73. Bb3 Nf2 74. Kb1 c2+ 75. Kc1 Ne4 76. Bxe6 Nc3 77. Kd2 Ne2 0-1

[Event "Madrid-ch 2017-2018 - Previa A"]
[Site "Madrid ESP"]
[Date "2018.02.06"]
[Round "2.29"]
[White "Santiago Garcia, Jorge"]
[Black "Moreno Uribarri, Miguel"]
[Result "1/2-1/2"]
[WhiteElo "1483"]
[BlackElo "1626"]
[PlyCount "77"]
[EventDate "2018.02.05"]
[EventType "swiss"]
[EventRounds "9"]
[EventCountry "ESP"]
[SourceTitle "Ajedrez en Madrid"]
[Source "lmi"]
[SourceDate "2018.02.05"]

1. e4 c5 2. Nf3 d6 3. Nc3 Nf6 4. d4 cxd4 5. Nxd4 g6 6. Bc4 Bg7 7. Bg5 O-O 8.
Qd2 Nc6 9. Nxc6 bxc6 10. O-O Rb8 11. Rab1 Qc7 12. Rfe1 Rd8 13. Bb3 Be6 14. Bxe6
fxe6 15. Bh6 Bh8 16. Qg5 d5 17. e5 d4 18. exf6 Bxf6 19. Qg4 dxc3 20. Qxe6+ Kh8
21. b3 Rb5 22. Rbd1 Rxd1 23. Rxd1 Rh5 24. Bf4 Qxf4 25. Rd8+ Kg7 26. Rg8+ Kh6
27. g3 Qc1+ 28. Kg2 Qxc2 29. Qe3+ g5 30. Qe6 Qd3 31. Qxc6 Qf5 32. Qe8 Bg7 33.
Qxe7 Qd5+ 34. f3 Qxg8 35. Qd6+ Bf6 36. Qxf6+ Qg6 37. Qf8+ Qg7 38. Qd6+ Qg6 39.
Qf8+ 1/2-1/2

[Event "Madrid-ch 2017-2018 - Previa A"]
[Site "Madrid ESP"]
[Date "2018.02.06"]
[Round "2.30"]
[White "Rodriguez Bachiller, Luis"]
[Black "Martin Garcia, Francisco Javier"]
[Result "1/2-1/2"]
[WhiteElo "1622"]
[BlackElo "1461"]
[PlyCount "108"]
[EventDate "2018.02.05"]
[EventType "swiss"]
[EventRounds "9"]
[EventCountry "ESP"]
[SourceTitle "Ajedrez en Madrid"]
[Source "lmi"]
[SourceDate "2018.02.05"]

1. e4 c5 2. Nf3 d6 3. d4 cxd4 4. Nxd4 Nf6 5. Nc3 a6 6. Bc4 e6 7. Bb3 Nbd7 8. f4
Nc5 9. e5 dxe5 10. fxe5 Nxb3 11. Nxb3 Qxd1+ 12. Nxd1 Nd7 13. Bf4 b5 14. Ne3 Bb7
15. c3 Nc5 16. Nxc5 Bxc5 17. Ke2 O-O 18. Rhg1 Rad8 19. h4 Be4 20. g3 Bxe3 21.
Bxe3 f5 22. Rgd1 Bc2 23. Rxd8 Rxd8 24. Bd4 Be4 25. Ke3 Kf7 26. g4 g6 27. Kf4
Rc8 28. a3 Rd8 29. Kg5 Rd7 30. gxf5 gxf5 31. h5 Rd8 32. Kh6 f4 33. Rg1 Rg8 34.
Rxg8 Kxg8 35. Kg5 f3 36. Kf6 Bd5 37. h6 Kf8 38. Bc5+ Ke8 39. Kg7 Be4 40. b3 Kd7
41. Kf7 Bd5 42. Kg7 Be4 43. c4 bxc4 44. bxc4 Kc6 45. Bf2 Kd7 46. Kf6 Bd3 47. c5
Be4 48. Kf7 Bf5 49. Kf6 Be4 50. Kg5 Bd5 51. Kg4 Kc6 52. Kg5 Be4 53. Kf6 Bf5 54.
Ke7 Bg4 1/2-1/2

[Event "Madrid-ch 2017-2018 - Previa A"]
[Site "Madrid ESP"]
[Date "2018.02.06"]
[Round "2.31"]
[White "Enriquez Pastor, Jorge"]
[Black "Martinez Carrasco, Jesus"]
[Result "1-0"]
[WhiteElo "1468"]
[BlackElo "1620"]
[PlyCount "107"]
[EventDate "2018.02.05"]
[EventType "swiss"]
[EventRounds "9"]
[EventCountry "ESP"]
[SourceTitle "Ajedrez en Madrid"]
[Source "lmi"]
[SourceDate "2018.02.05"]

1. e4 c5 2. c4 d6 3. Ne2 Nf6 4. Nbc3 a6 5. d4 cxd4 6. Nxd4 Qc7 7. Be2 Nc6 8.
Be3 e6 9. O-O Be7 10. Rc1 Bd7 11. Nb3 O-O 12. a3 Rfd8 13. Qc2 Rac8 14. f3 Ne5
15. Nd2 b5 16. cxb5 axb5 17. Qb1 Qb7 18. b4 d5 19. exd5 Nxd5 20. Nxd5 Qxd5 21.
Rxc8 Rxc8 22. Rc1 Bc6 23. Qe4 Qa2 24. Qxe5 Qxa3 25. Qc3 Qa6 26. Ne4 Qa2 27. Qc2
Qd5 28. Rd1 Qe5 29. Bc5 Bd8 30. Qc3 Qc7 31. Nd6 Ra8 32. Nxb5 Qb7 33. Nd6 Bf6
34. Nxb7 Bxc3 35. Nd6 Bd5 36. Rc1 Bb2 37. Rb1 Be5 38. Nc4 Bf6 39. Nb6 Rd8 40.
Nxd5 Rxd5 41. Rd1 Re5 42. Kf2 Rh5 43. h3 g5 44. f4 Rh4 45. fxg5 Bxg5 46. Rd4
Rh6 47. b5 Rf6+ 48. Ke1 Rg6 49. b6 Kh8 50. Rd7 Bh4+ 51. Bf2 Bxf2+ 52. Kxf2 Rf6+
53. Bf3 e5 54. b7 1-0

[Event "Madrid-ch 2017-2018 - Previa A"]
[Site "Madrid ESP"]
[Date "2018.02.06"]
[Round "2.33"]
[White "Rufo Yebra, Benito"]
[Black "Martinez Gallardo, Javier"]
[Result "0-1"]
[WhiteElo "1409"]
[BlackElo "1617"]
[PlyCount "94"]
[EventDate "2018.02.05"]
[EventType "swiss"]
[EventRounds "9"]
[EventCountry "ESP"]
[SourceTitle "Ajedrez en Madrid"]
[Source "lmi"]
[SourceDate "2018.02.05"]

1. d4 Nf6 2. e3 e6 3. Nc3 b6 4. Bd2 Bb7 5. Nf3 d6 6. Bd3 Be7 7. Qe2 O-O 8. h4
Nbd7 9. h5 h6 10. Nh4 c5 11. Rg1 Nd5 12. g3 e5 13. dxe5 Nxe5 14. f4 Nxd3+ 15.
cxd3 Bxh4 16. gxh4 Qxh4+ 17. Kd1 Nf6 18. Kc2 Qxh5 19. Qf1 Qf3 20. e4 Qxf1 21.
Raxf1 c4 22. f5 cxd3+ 23. Kxd3 Ba6+ 24. Kc2 Bxf1 25. Bxh6 Kh7 26. Bg5 Nh5 27.
Rxf1 g6 28. Be7 Rfe8 29. fxg6+ fxg6 30. Bxd6 Rad8 31. e5 Rd7 32. Rh1 Kg7 33.
Ne4 Rf7 34. b4 Rf4 35. Kd3 Rxe4 36. Rxh5 Rxb4 37. Bxb4 gxh5 38. Ke4 Kg6 39. Bd2
h4 40. Bf4 h3 41. Bh2 Rf8 42. e6 Rf2 43. e7 Kf7 44. Bg3 Rxa2 45. Kd5 h2 46. Kd6
h1=Q 47. Kd7 Qb7+ 0-1

[Event "Madrid-ch 2017-2018 - Previa A"]
[Site "Madrid ESP"]
[Date "2018.02.06"]
[Round "2.34"]
[White "Perales Hernandez, Manuel"]
[Black "Bellagamba, Pascal"]
[Result "0-1"]
[WhiteElo "1345"]
[BlackElo "1605"]
[PlyCount "62"]
[EventDate "2018.02.05"]
[EventType "swiss"]
[EventRounds "9"]
[EventCountry "ESP"]
[SourceTitle "Ajedrez en Madrid"]
[Source "lmi"]
[SourceDate "2018.02.05"]

1. e4 d6 2. d4 Nf6 3. Nc3 c6 4. Bg5 Nbd7 5. Nf3 e5 6. Bxf6 Qxf6 7. Bc4 Be7 8.
h4 h6 9. Qd2 b5 10. Bb3 a5 11. a3 Ba6 12. O-O-O Rd8 13. Qe3 O-O 14. d5 c5 15.
Ne2 c4 16. Ba2 Nc5 17. b4 axb4 18. axb4 Na4 19. g4 Qg6 20. Rdg1 Bc8 21. h5 Qh7
22. c3 f6 23. g5 fxg5 24. Nxg5 Bxg5 25. f4 exf4 26. Qd4 f3+ 27. Kc2 fxe2 28.
Re1 Bg4 29. Reg1 Bf3 30. Rh2 Bxe4+ 31. Qxe4 Qxe4# 0-1

[Event "Madrid-ch 2017-2018 - Previa A"]
[Site "Madrid ESP"]
[Date "2018.02.06"]
[Round "2.35"]
[White "Perez Ramos, Miguel Angel"]
[Black "Ramos Antona, Enrique"]
[Result "0-1"]
[WhiteElo "1164"]
[BlackElo "1587"]
[PlyCount "80"]
[EventDate "2018.02.05"]
[EventType "swiss"]
[EventRounds "9"]
[EventCountry "ESP"]
[SourceTitle "Ajedrez en Madrid"]
[Source "lmi"]
[SourceDate "2018.02.05"]

1. e4 e5 2. Nf3 Nc6 3. Bb5 Nf6 4. d3 Bc5 5. Bg5 d6 6. Nbd2 Bd7 7. c3 a6 8. Ba4
h6 9. Bh4 b5 10. Bb3 g5 11. Bg3 Nh5 12. Qc2 Na5 13. Bd5 c6 14. b4 Nxg3 15. hxg3
Bxf2+ 16. Kxf2 Qb6+ 17. d4 cxd5 18. bxa5 Qa7 19. exd5 f5 20. Nb3 Rc8 21. Rhe1
O-O 22. Rh1 Kg7 23. Rae1 Be8 24. Kf1 e4 25. Nh2 Qf7 26. Re2 Qxd5 27. Ke1 b4 28.
Re3 Ba4 29. Kd2 Rc7 30. g4 bxc3+ 31. Rxc3 Rxc3 32. Qxc3 f4 33. Re1 Bd7 34. Nc1
Rc8 35. Qb4 Rc4 36. Qb3 Rxd4+ 37. Kc2 Ba4 38. Kb2 Bxb3 39. Nxb3 Rd2+ 40. Nxd2
Qxd2+ 0-1

[Event "Madrid-ch 2017-2018 - Previa A"]
[Site "Madrid ESP"]
[Date "2018.02.07"]
[Round "3.1"]
[White "Ruiz Quevedo, Andres"]
[Black "Esteban Amo, Jose M"]
[Result "0-1"]
[WhiteElo "1917"]
[BlackElo "1847"]
[PlyCount "110"]
[EventDate "2018.02.05"]
[EventType "swiss"]
[EventRounds "9"]
[EventCountry "ESP"]
[SourceTitle "Ajedrez en Madrid"]
[Source "lmi"]
[SourceDate "2018.02.05"]

1. Nf3 c5 2. g3 g6 3. Bg2 Bg7 4. O-O Nc6 5. c4 Nf6 6. Nc3 O-O 7. d4 cxd4 8.
Nxd4 Ng4 9. e3 Nge5 10. b3 d6 11. h3 Bd7 12. f4 Nxd4 13. exd4 Nc6 14. Be3 e5
15. Ne2 Re8 16. fxe5 dxe5 17. d5 Ne7 18. Rc1 Nf5 19. Bf2 e4 20. g4 Nh4 21. Bxh4
Qxh4 22. c5 Bb5 23. Re1 Rad8 24. Nc3 Bd3 25. Nxe4 Bxe4 26. Rxe4 Rxe4 27. Bxe4
Qxh3 28. Bg2 Qe3+ 29. Kh1 Bd4 30. Bf3 Rxd5 31. Rc2 Rxc5 32. Rxc5 Bxc5 33. Qf1
b6 34. Kg2 Qd2+ 35. Qe2 Qxe2+ 36. Bxe2 Kg7 37. Kf3 Kf6 38. Bc4 Bd6 39. a4 h5
40. gxh5 gxh5 41. Bd5 Kg6 42. Bc4 f5 43. Bb5 Kg5 44. Be8 h4 45. Kg2 Kg4 46. Bc6
h3+ 47. Kf2 Bc5+ 48. Kf1 Kg3 49. Bd5 Kf4 50. Bc6 a5 51. Bd7 Ke5 52. Bc8 Ke4 53.
Bd7 h2 54. Ke2 Kd4 55. Kf1 h1=Q+ 0-1

[Event "Madrid-ch 2017-2018 - Previa A"]
[Site "Madrid ESP"]
[Date "2018.02.07"]
[Round "3.2"]
[White "De Luna Butz, Alberto"]
[Black "Camarero Izquierdo, Juan Carlos"]
[Result "0-1"]
[WhiteElo "1799"]
[BlackElo "1915"]
[PlyCount "36"]
[EventDate "2018.02.05"]
[EventType "swiss"]
[EventRounds "9"]
[EventCountry "ESP"]
[SourceTitle "Ajedrez en Madrid"]
[Source "lmi"]
[SourceDate "2018.02.05"]

1. e4 c5 2. Nf3 d6 3. Bb5+ Nd7 4. d4 cxd4 5. Qxd4 a6 6. Bxd7+ Bxd7 7. Bg5 Rc8
8. Nc3 h6 9. Bh4 Bg4 10. h3 Bxf3 11. gxf3 b5 12. O-O-O e5 13. Qxe5+ dxe5 14.
Rxd8+ Rxd8 15. Bxd8 Kxd8 16. Rd1+ Kc8 17. Nd5 Be7 18. Rd3 Bg5+ 0-1